000 00630nam a2200217 i 4500
003 DO-SdBNP
005 20230913114949.0
006 a||||gr|||| 00| 0
007 ta
008 230913b1929 ag ac||| |||| 00| 0 spa d
040 _aDO-SdBNP
_bspa
_cBNPHU
_erda
082 4 _222
_bA837d
245 0 0 _aAsociación de las artes nuevo salón . /
264 1 _aBuenos Aires, Argentina :
_bAlfa,
_c1929
300 _a[21] páginas :
_bIlustraciones ;
_c19 cm.
336 _2rdacontent
_atexto
_btxt
337 _2rdamedia
_asin mediación
_bn
338 _2rdacarrier
_avolumen
_bnc
590 _aInventariado 2023 / MF
942 _2ddc
_cLF2
999 _c54727
_d54727